000 005310000a22002050004500
999 _c48385
_d48385
001 1211
003 CO-MdFUSB
005 20180503150957.0
008 171120b xxu||||| |||| 00| 0 eng d
040 _cCO-MdBIC
082 0 4 _a152 T39mi1
100 1 _aThoumi, Samira
245 1 0 _aTecnicas de la motivacion Infantil / Samira Thoumi
260 _aColombia : Prolibros
300 _a120 P.
500 _aTomo 1
505 0 0 _aMotivacion desde la gestacion hasta los dos aƱos
650 1 4 _aLiteratura Infantil
942 _cLGB